Channing Tatum Movies Quiz Stats

 Plays Quiz Updated Nov 6, 2018

Challenge
Share
Tweet
Embed
Score 0/39 Timer 05:00
2 Plays Today
Character Movie % Correct
Title CharacterMagic Mike
84.2%
Jenko22 Jump Street
77.4%
Jenko21 Jump Street
75.1%
Tyler GageStep Up
71.5%
Tyler GageStep Up 2: The Streets
56.8%
John TyreeDear John
54.4%
DukeG.I. Joe: The Rise of Cobra
53.5%
Title CharacterMagic Mike XXL
49.2%
DukeShe's the Man
46.7%
Superman (voice)The Lego Movie
44.4%
CaleWhite House Down
43.3%
Channing TatumThis is the End
43%
Superman (voice)The Lego Batman Movie
42.2%
LeoThe Vow
40.4%
Mark SchultzFoxcatcher
33.9%
Jimmy LoganLogan Lucky
31.1%
Caine WiseJupiter Ascending
30%
Jason LyleCoach Carter
29.9%
TequilaKingsman: The Golden Circle
28.7%
Burt GurneyHail Caesar!
27.8%
Character Movie % Correct
JodyThe Hateful Eight
27.3%
DukeG.I. Joe: Retaliation
26.7%
Marcus Flavius AquilaThe Eagle
24.4%
Migo (voice)Smallfoot
22.9%
Joaquin (voice)The Book of Life
21.6%
Pretty Boy FloydPublic Enemies
21.3%
Shawn MacArthurFighting
20.3%
Martin TaylorSide Effects
19.1%
Sgt. Steve ShriverStop-Loss
16.2%
ZipThe Dilemma
15.2%
AaronHaywire
14.8%
Jake10 Years
14.6%
Young AntonioA Guide to Recognizing Your Saints
11.8%
Jonathan 'Milk' WhiteThe Son of No One
11.2%
Movie StarDon Jon
11.1%
NickHavoc
10.2%
Rowdy SparksSupercross
9.4%
JohnsonBattle in Seattle
8.3%
GregThe Trap
6.5%

You're not logged in!

Compare scores with friends on all Sporcle quizzes.
OR
Log In

You Might Also Like...

Show Comments

Extras

Top Quizzes Today


Score Distribution

Your Account Isn't Verified!

In order to create a playlist on Sporcle, you need to verify the email address you used during registration. Go to your Sporcle Settings to finish the process.

Report this User

Report this user for behavior that violates our Community Guidelines.

Details: